Capital social e privatizacao do conhecimento /
Պահպանված է:
| Հիմնական հեղինակ: | |
|---|---|
| Ձևաչափ: | Տեքստ |
| Խորագրեր: | |
| Ցուցիչներ: |
Ավելացրեք ցուցիչ
Չկան պիտակներ, Եղեք առաջինը, ով նշում է այս գրառումը!
|
MARC
| LEADER | 00000 a a2200000 04500 | ||
|---|---|---|---|
| 001 | 18323 | ||
| 003 | |||
| 040 | |||
| 100 | |a Saul, Renato | ||
| 245 | |a Capital social e privatizacao do conhecimento / |c Renato Saul | ||
| 650 | |a CAPITAL SOCIAL | ||
| 650 | |a PROPIEDAD INTELECTUAL | ||
| 650 | |a PRIVATIZACION | ||
| 650 | |a CONOCIMIENTO | ||
| 773 | |g volumen 10, número 19; páginas 130-177 | ||
| 999 | |c 26099 |d 26099 | ||
